La cultura jurídica chilena.
সংরক্ষণ করুন:
| অন্যান্য লেখক: | , , , , , , |
|---|---|
| বিন্যাস: | গ্রন্থ |
| ভাষা: | স্প্যানিশ |
| প্রকাশিত: |
Santiago, Chile:
Corporación de Promoción Universitaria,
1992.
|
| বিষয়গুলি: | |
| ট্যাগগুলো: |
ট্যাগ যুক্ত করুন
কোনো ট্যাগ নেই, প্রথমজন হিসাবে ট্যাগ করুন!
|
MARC
| LEADER | 00000nam a2200000 a 4500 | ||
|---|---|---|---|
| 001 | UCV1961 | ||
| 003 | CL-VaPUC | ||
| 005 | 20230724103949.0 | ||
| 008 | 910717e19880000cl 1 spa d | ||
| 999 | |c 436893 |d 436891 | ||
| 040 | |c Pontificia Universidad Católica de Valparaíso | ||
| 082 | 0 | 4 | |a 340 SQU 1988 |2 22 |
| 100 | |a Squella Narducci, Agustín |e editor |9 295577 | ||
| 245 | 1 | 3 | |a La cultura jurídica chilena. |
| 250 | |b Reimpresión, 1992. | ||
| 260 | |a Santiago, Chile: |b Corporación de Promoción Universitaria, |c 1992. | ||
| 300 | |a 159 páginas. | ||
| 500 | |a c.1 Donación Familia Prof. Alejandro Guzmán Brito. Reimpresión (1992) de la edición de 1988, con una variación en la presentación y cubierta del libro. | ||
| 518 | |p Seminario sobre La Cultura Jurídica Chilena, I, Santiago, 7 y 8 de enero de 1988. | ||
| 583 | |a last modification |c 20190729 04:57:43 |k Yessy Sthefany Diaz Vidal | ||
| 650 | 0 | 0 | |a Derecho |9 256456 |z Chile |
| 650 | 0 | 0 | |a Práctica de la abogacía |9 859615 |z Chile |
| 650 | 0 | 0 | |a Jurisprudencia sociológica |9 870048 |x Filosofía del derecho |
| 700 | |a Barros Bourie, Enrique |e autor |9 883858 | ||
| 700 | 1 | |a Bascuñán Valdés, Antonio |e autor |9 616392 | |
| 700 | 1 | |a Cea Egaña, José Luis |e autor |9 616393 | |
| 700 | 1 | |a Correa, Jorge |e autor |9 616394 | |
| 700 | 1 | |a Cumplido Cereceda, Francisco |e autor |9 616395 | |
| 700 | |a Lavados Montes, Iván |e autor |9 761237 | ||
| 942 | |c BK |2 ddc |n 0 | ||
| 952 | |0 0 |1 0 |2 ddc |4 0 |6 340_000000000000000_SQU_1988 |7 0 |8 C_AGB |9 584620 |a BIBDER |b BIBDER |d 2022-07-11 |e Donación |i 5652656 |o 340 SQU 1988 |p 5652656 |r 2023-01-25 |t 1 |w 2022-07-11 |y BK_US |k AGB | ||